00659cam a2200217 a 4500001000800000005001700008008004100025010001700066020004400083040001800127041000800145080001400153082001800167100000700185101000800192245005400200906004500254942001200299999001700311952011300328245555520180314083534.0891108s1991 mau k 001 0 eng  a 89063901  a0312035888 (Instructor's annotated ed.) aDLCcDLCdDLC aeng a428.2 HAC00a428.2 HAC2201 a25 aEDU14aThe Bedford handbook for writers /cDiana Hacker. a7bcbccorignewd2eopcnf19gy-gencatlg 2ddccBK c45020d45020 00102udc40708PËKGa002b002cPËKGd2018-03-14l0o428.2 HACp002-3001792r2018-03-14w2018-03-14yBK